Población y desarrollo: nuevos rumbos en el debate y la acción social /
Salvato in:
| Autore principale: | |
|---|---|
| Natura: | testo |
| Soggetti: | |
| Tags: |
Aggiungi Tag
Nessun Tag, puoi essere il primo ad aggiungerne!!
|
MARC
| LEADER | 00000 a a2200000 04500 | ||
|---|---|---|---|
| 001 | 5503 | ||
| 003 | |||
| 040 | |||
| 100 | |a Barahona Montero, Manuel Antonio | ||
| 245 | |a Población y desarrollo: nuevos rumbos en el debate y la acción social / |c Manuel Antonio Barahona Montero | ||
| 650 | |a POBLACION | ||
| 650 | |a DESARROLLO ECONOMICO Y SOCIAL | ||
| 650 | |a ECONOMIA | ||
| 650 | |a DEMOGRAFIA | ||
| 650 | |a POLITICA GUBERNAMENTAL | ||
| 773 | |g volumen 1, número 5; páginas 35-38 | ||
| 999 | |c 21290 |d 21290 | ||
